000
00317nam a2200145Ia 4500
100
_a
Thomas/R
942
_c
BK
654
_a
unix
245
_a
Advanced Programmers Guide to Unix System V
260
_b
Mc Graw Hill
_a
California
_c
1987
082
_a
005.13 'U'
300
_a
484
546
_a
ENGLISH
999
_c
27426
_d
27426